Hóa học hữu cơ

Salvato in:
Dettagli Bibliografici
Autore principale: HOÀNG TRỌNG YÊM
Natura: Libro
Lingua:Undetermined
Pubblicazione: Hà Nội KHKT 2001
Soggetti:
Tags: Aggiungi Tag
Nessun Tag, puoi essere il primo ad aggiungerne! !
Thư viện lưu trữ: Trung tâm Học liệu Trường Đại học Cần Thơ
LEADER 00476nam a2200169Ia 4500
001 CTU_46531
008 210402s9999 xx 000 0 und d
082 |a 547 
082 |b Y253/T4 
100 |a HOÀNG TRỌNG YÊM 
245 0 |a Hóa học hữu cơ 
245 0 |c HOÀNG TRỌNG YÊM, Dương Văn Tuệ 
260 |a Hà Nội 
260 |b KHKT 
260 |c 2001 
650 |a chemistry, organic 
980 |a Trung tâm Học liệu Trường Đại học Cần Thơ